| 000 | 00349nam a22001337a 4500 | ||
|---|---|---|---|
| 005 | 20250901165804.0 | ||
| 008 | 250320b |||||||| |||| 00| 0 eng d | ||
| 020 | _a9789966228703 | ||
| 050 | _aPL 8704 .M83 2011 | ||
| 245 |
_aKifo cha Mwalimu _cAnduvate Mwavali |
||
| 260 |
_aNairobi : _bJKF, _c2011 |
||
| 300 |
_avii, 332 pages: _c18 cm. |
||
| 942 | _2lcc | ||
| 999 |
_c9265 _d9265 |
||